00514nam a2200181Ia 4500001001000000003000500010008004100015010001100056040000900067082001600076100001800092245008200110260003200192300001100224440003800235650003200273650002700305Para_8969CHAP220125s2004 xx 000 0 und d a207747 cCHAP aPA 646.7 W5 aWilliams, Pat aÚnete al equipo :b lecciones para triunfar en la vida /c por Pat Williams aMéxico, D.F. :b Selector a224 p. aColección superación personal aMotivación (psicología) aSuperación personal